Music Quiz

Random Music or Taylor Swift Quiz

Taylor Swift Two Word Singles Quiz Stats

 Plays Quiz not verified by Sporcle

Score 0/12 Timer 03:00
0 Plays Today
% Correct
Bad
99.1%
Blank
97.6%
Begin
95.8%
Tim
94.8%
White
94.8%
Love
93.4%
Getaway
93.4%
Sparks
92.9%
Wildest
92.9%
Our
92.5%
End
92%
New
91%

You're not logged in!

Compare scores with friends on all Sporcle quizzes.
OR
Log In

Show Comments

Extras

Top Quizzes Today


Score Distribution

Your Account Isn't Verified!

In order to create a playlist on Sporcle, you need to verify the email address you used during registration. Go to your Sporcle Settings to finish the process.

Report this User

Report this user for behavior that violates our Community Guidelines.

Details: